<?xml version="1.0" encoding="UTF-8"?>
<record
    xmlns:xsi="http://www.w3.org/2001/XMLSchema-instance"
    xsi:schemaLocation="http://www.loc.gov/MARC21/slim http://www.loc.gov/standards/marcxml/schema/MARC21slim.xsd"
    xmlns="http://www.loc.gov/MARC21/slim">

  <leader>00777nam a22001817a 4500</leader>
  <datafield tag="999" ind1=" " ind2=" ">
    <subfield code="c">145194</subfield>
    <subfield code="d">145194</subfield>
  </datafield>
  <controlfield tag="005">20210901114613.0</controlfield>
  <datafield tag="010" ind1=" " ind2=" ">
    <subfield code="a">1718EN-30   B-688003-012   ENG-129808</subfield>
  </datafield>
  <datafield tag="020" ind1=" " ind2=" ">
    <subfield code="a">9788184959895</subfield>
    <subfield code="c">250.00</subfield>
  </datafield>
  <datafield tag="035" ind1=" " ind2=" ">
    <subfield code="a">B-688003-012   EN-113340</subfield>
  </datafield>
  <datafield tag="037" ind1=" " ind2=" ">
    <subfield code="b">AKPD</subfield>
    <subfield code="a">dpl</subfield>
  </datafield>
  <datafield tag="100" ind1=" " ind2=" ">
    <subfield code="a">Sharma, Robin</subfield>
    <subfield code="d">158.1</subfield>
  </datafield>
  <datafield tag="245" ind1=" " ind2=" ">
    <subfield code="a">Little black book  for stunning success : </subfield>
    <subfield code="c">by Robin Sharma </subfield>
    <subfield code="b">Tools for action mastery / </subfield>
  </datafield>
  <datafield tag="260" ind1=" " ind2=" ">
    <subfield code="a">Mumbai</subfield>
    <subfield code="b">Jaico Pub.</subfield>
    <subfield code="c">2017</subfield>
  </datafield>
  <datafield tag="270" ind1=" " ind2=" ">
    <subfield code="a">A-2 Jash Chambers, 7-A Sir Phirozshah Mehta Raod,</subfield>
    <subfield code="b">Mumbai</subfield>
    <subfield code="e">400001</subfield>
  </datafield>
  <datafield tag="300" ind1=" " ind2=" ">
    <subfield code="a">279p.</subfield>
    <subfield code="c">19cm(pbk)</subfield>
  </datafield>
  <datafield tag="942" ind1=" " ind2=" ">
    <subfield code="2">ddc</subfield>
    <subfield code="c">EN</subfield>
    <subfield code="m">SHA</subfield>
    <subfield code="h">158.1</subfield>
  </datafield>
  <datafield tag="952" ind1=" " ind2=" ">
    <subfield code="0">0</subfield>
    <subfield code="1">0</subfield>
    <subfield code="4">0</subfield>
    <subfield code="7">0</subfield>
    <subfield code="8">NFIC</subfield>
    <subfield code="a">L</subfield>
    <subfield code="b">L</subfield>
    <subfield code="d">2018-06-12</subfield>
    <subfield code="e">A.K.Pub. &amp; Dist./A-39/30.11.17/632/20.11.17/13.01.18</subfield>
    <subfield code="g">250.00</subfield>
    <subfield code="l">53</subfield>
    <subfield code="m">20</subfield>
    <subfield code="o">158.1 SHA</subfield>
    <subfield code="p">B-688003</subfield>
    <subfield code="q">2026-06-16</subfield>
    <subfield code="r">2026-06-02 16:06:35</subfield>
    <subfield code="s">2026-06-02</subfield>
    <subfield code="t">1</subfield>
    <subfield code="y">EN</subfield>
  </datafield>
  <datafield tag="952" ind1=" " ind2=" ">
    <subfield code="0">0</subfield>
    <subfield code="1">0</subfield>
    <subfield code="4">0</subfield>
    <subfield code="7">0</subfield>
    <subfield code="8">NFIC</subfield>
    <subfield code="a">AV</subfield>
    <subfield code="b">AV</subfield>
    <subfield code="d">2018-06-12</subfield>
    <subfield code="e">A.K.Pub. &amp; Dist./A-39/30.11.17/632/20.11.17/13.01.18</subfield>
    <subfield code="g">250.00</subfield>
    <subfield code="l">26</subfield>
    <subfield code="m">17</subfield>
    <subfield code="o">158.1 SHA</subfield>
    <subfield code="p">B-688004</subfield>
    <subfield code="r">2023-07-14 00:00:00</subfield>
    <subfield code="s">2023-07-07</subfield>
    <subfield code="t">1</subfield>
    <subfield code="y">EN</subfield>
  </datafield>
  <datafield tag="952" ind1=" " ind2=" ">
    <subfield code="0">0</subfield>
    <subfield code="1">0</subfield>
    <subfield code="4">0</subfield>
    <subfield code="7">0</subfield>
    <subfield code="8">NFIC</subfield>
    <subfield code="a">BL1</subfield>
    <subfield code="b">BL1</subfield>
    <subfield code="d">2018-06-12</subfield>
    <subfield code="e">A.K.Pub. &amp; Dist./A-39/30.11.17/632/20.11.17/13.01.18</subfield>
    <subfield code="g">250.00</subfield>
    <subfield code="l">1</subfield>
    <subfield code="m">2</subfield>
    <subfield code="o">158.1 SHA</subfield>
    <subfield code="p">B-688005</subfield>
    <subfield code="r">2018-09-25 00:00:00</subfield>
    <subfield code="s">2018-08-10</subfield>
    <subfield code="t">1</subfield>
    <subfield code="y">EN</subfield>
  </datafield>
  <datafield tag="952" ind1=" " ind2=" ">
    <subfield code="0">0</subfield>
    <subfield code="1">0</subfield>
    <subfield code="4">0</subfield>
    <subfield code="7">0</subfield>
    <subfield code="8">NFIC</subfield>
    <subfield code="a">KGM</subfield>
    <subfield code="b">KGM</subfield>
    <subfield code="d">2018-06-12</subfield>
    <subfield code="e">A.K.Pub. &amp; Dist./A-39/30.11.17/632/20.11.17/13.01.18</subfield>
    <subfield code="g">250.00</subfield>
    <subfield code="l">14</subfield>
    <subfield code="m">13</subfield>
    <subfield code="o">158.1 SHA</subfield>
    <subfield code="p">B-688006</subfield>
    <subfield code="r">2026-03-25 00:00:00</subfield>
    <subfield code="s">2025-09-15</subfield>
    <subfield code="t">1</subfield>
    <subfield code="y">EN</subfield>
  </datafield>
  <datafield tag="952" ind1=" " ind2=" ">
    <subfield code="0">0</subfield>
    <subfield code="1">0</subfield>
    <subfield code="4">0</subfield>
    <subfield code="7">0</subfield>
    <subfield code="8">NFIC</subfield>
    <subfield code="a">PR</subfield>
    <subfield code="b">PR</subfield>
    <subfield code="d">2018-06-12</subfield>
    <subfield code="e">A.K.Pub. &amp; Dist./A-39/30.11.17/632/20.11.17/13.01.18</subfield>
    <subfield code="g">250.00</subfield>
    <subfield code="l">2</subfield>
    <subfield code="o">158.1 SHA</subfield>
    <subfield code="p">B-688007</subfield>
    <subfield code="r">2024-04-13 00:00:00</subfield>
    <subfield code="s">2024-04-13</subfield>
    <subfield code="t">1</subfield>
    <subfield code="y">EN</subfield>
  </datafield>
  <datafield tag="952" ind1=" " ind2=" ">
    <subfield code="0">0</subfield>
    <subfield code="1">0</subfield>
    <subfield code="4">0</subfield>
    <subfield code="7">0</subfield>
    <subfield code="8">NFIC</subfield>
    <subfield code="a">JP</subfield>
    <subfield code="b">JP</subfield>
    <subfield code="d">2018-06-12</subfield>
    <subfield code="e">A.K.Pub. &amp; Dist./A-39/30.11.17/632/20.11.17/13.01.18</subfield>
    <subfield code="g">250.00</subfield>
    <subfield code="l">20</subfield>
    <subfield code="m">9</subfield>
    <subfield code="o">158.1 SHA</subfield>
    <subfield code="p">B-688008</subfield>
    <subfield code="r">2024-03-21 00:00:00</subfield>
    <subfield code="s">2024-02-07</subfield>
    <subfield code="t">1</subfield>
    <subfield code="y">EN</subfield>
  </datafield>
  <datafield tag="952" ind1=" " ind2=" ">
    <subfield code="0">0</subfield>
    <subfield code="1">0</subfield>
    <subfield code="4">0</subfield>
    <subfield code="7">0</subfield>
    <subfield code="8">NFIC</subfield>
    <subfield code="a">ZLS</subfield>
    <subfield code="b">ZLS</subfield>
    <subfield code="d">2018-06-12</subfield>
    <subfield code="e">A.K.Pub. &amp; Dist./A-39/30.11.17/632/20.11.17/13.01.18</subfield>
    <subfield code="g">250.00</subfield>
    <subfield code="l">21</subfield>
    <subfield code="m">19</subfield>
    <subfield code="o">158.1 SHA</subfield>
    <subfield code="p">B-688009</subfield>
    <subfield code="r">2025-04-04 00:00:00</subfield>
    <subfield code="s">2025-03-06</subfield>
    <subfield code="t">1</subfield>
    <subfield code="y">EN</subfield>
  </datafield>
  <datafield tag="952" ind1=" " ind2=" ">
    <subfield code="0">0</subfield>
    <subfield code="1">0</subfield>
    <subfield code="4">0</subfield>
    <subfield code="7">0</subfield>
    <subfield code="8">NFIC</subfield>
    <subfield code="a">NR</subfield>
    <subfield code="b">NR</subfield>
    <subfield code="d">2018-06-12</subfield>
    <subfield code="e">A.K.Pub. &amp; Dist./A-39/30.11.17/632/20.11.17/13.01.18</subfield>
    <subfield code="g">250.00</subfield>
    <subfield code="l">0</subfield>
    <subfield code="o">158.1 SHA</subfield>
    <subfield code="p">B-688010</subfield>
    <subfield code="r">2018-06-12 00:00:00</subfield>
    <subfield code="t">1</subfield>
    <subfield code="y">EN</subfield>
  </datafield>
  <datafield tag="952" ind1=" " ind2=" ">
    <subfield code="0">0</subfield>
    <subfield code="1">0</subfield>
    <subfield code="4">0</subfield>
    <subfield code="7">0</subfield>
    <subfield code="8">NFIC</subfield>
    <subfield code="a">BN</subfield>
    <subfield code="b">BN</subfield>
    <subfield code="d">2018-06-12</subfield>
    <subfield code="e">A.K.Pub. &amp; Dist./A-39/30.11.17/632/20.11.17/13.01.18</subfield>
    <subfield code="g">250.00</subfield>
    <subfield code="l">7</subfield>
    <subfield code="o">158.1 SHA</subfield>
    <subfield code="p">B-688011</subfield>
    <subfield code="r">2023-03-16 00:00:00</subfield>
    <subfield code="s">2023-03-02</subfield>
    <subfield code="t">1</subfield>
    <subfield code="y">EN</subfield>
  </datafield>
  <datafield tag="952" ind1=" " ind2=" ">
    <subfield code="0">0</subfield>
    <subfield code="1">0</subfield>
    <subfield code="4">0</subfield>
    <subfield code="7">0</subfield>
    <subfield code="8">NFIC</subfield>
    <subfield code="a">BL4</subfield>
    <subfield code="b">BL4</subfield>
    <subfield code="d">2018-06-12</subfield>
    <subfield code="e">A.K.Pub. &amp; Dist./A-39/30.11.17/632/20.11.17/13.01.18</subfield>
    <subfield code="g">250.00</subfield>
    <subfield code="l">4</subfield>
    <subfield code="m">4</subfield>
    <subfield code="o">158.1 SHA</subfield>
    <subfield code="p">B-688012</subfield>
    <subfield code="r">2019-01-12 00:00:00</subfield>
    <subfield code="s">2018-11-29</subfield>
    <subfield code="t">1</subfield>
    <subfield code="y">EN</subfield>
  </datafield>
  <datafield tag="952" ind1=" " ind2=" ">
    <subfield code="0">0</subfield>
    <subfield code="1">0</subfield>
    <subfield code="4">0</subfield>
    <subfield code="7">0</subfield>
    <subfield code="8">NFIC</subfield>
    <subfield code="a">ZLS</subfield>
    <subfield code="b">ZLS</subfield>
    <subfield code="d">2021-09-01</subfield>
    <subfield code="e">DBAD/PUB</subfield>
    <subfield code="g">250.00</subfield>
    <subfield code="l">0</subfield>
    <subfield code="o">158.1 SHA</subfield>
    <subfield code="p">EN-113340</subfield>
    <subfield code="r">2021-09-01 00:00:00</subfield>
    <subfield code="t">1</subfield>
    <subfield code="v">250.00</subfield>
    <subfield code="y">EN</subfield>
  </datafield>
</record>
